书目信息 |
| 题名: |
古代经济专题史话
|
|
| 作者: | ;中华书局 编 | |
| 分册: | ||
| 出版信息: | 北京 中华书局 1983.10 |
|
| 页数: | 342页 | |
| 开本: | 20cm | |
| 丛书名: | 中国历史小丛书 | |
| 单 册: | ||
| 中图分类: | F129.2 | |
| 科图分类: | ||
| 主题词: | 经济--中国 | |
| 电子资源: | ||
| ISBN: | ||
| 000 | 00685nam0 2200253 45 | |
| 001 | 0210091573 | |
| 005 | 20040425082259.9 | |
| 010 | @dCNY0.86 | |
| 091 | @a11018.1198 | |
| 100 | @a20021009d1983 km y0chiy0120 ea | |
| 101 | 0 | @achi |
| 105 | @aacb z 000yy | |
| 200 | 1 | @a古代经济专题史话@AGu Dai Jing Ji Zhuan Ti Shi Hua@f本社编@FBen She Bian |
| 210 | @a北京@c中华书局@d1983.10 | |
| 215 | @a342页@d20cm | |
| 225 | @a中国历史小丛书 | |
| 300 | @a合订本 | |
| 300 | @a附录:中国历史小丛书合订本暂订篇目 | |
| 410 | @12001 @a中国历史小丛书 | |
| 606 | 0 | @a经济@x中国 |
| 690 | @aF129.2@v3 | |
| 711 | 02 | @a中华书局@4编 |
| 801 | @aCN@bTSTC@c20021009 | |
| 905 | @dF129.2@e16@f1@b121076 | |
| 古代经济专题史话/本社编.-北京:中华书局,1983.10 |
| 342页;20cm.-(中国历史小丛书) |
| 合订本.-附录:中国历史小丛书合订本暂订篇目 |
| ISBN :CNY0.86 |
| ● |
| 相关链接 |
|
|
|
|
正题名:古代经济专题史话
索取号:F129.2/16
 
预约/预借
| 序号 | 登录号 | 条形码 | 馆藏地/架位号 | 状态 | 备注 |
| 1 | 0121075 | 000200936 | 第一借阅区/ [索取号:F129.2/16] | 在馆 | |
| 2 | 0121076 | 000200972 | 密集书库/ [索取号:F129.2/16] | 在馆 | |
| 3 | 0121077 | 000201016 | 密集书库/ [索取号:F129.2/16] | 在馆 | |
| 4 | 0121078 | 000200669 | 密集书库/ [索取号:F129.2/16] | 在馆 | |
| 5 | 0121079 | 000200892 | 第一样本阅览室/ [索取号:F129.2/16] | 在馆 |